| Tag |
First Indicator |
Second Indicator |
Subfields |
| LEADER |
00000cam a2200000 a 4500 |
| 001 |
in00001402624 |
| 005 |
20151020052126.0 |
| 008 |
970528s1998 paua 001 0 eng c |
| 010 |
|
|
|a 97021928
|
| 020 |
|
|
|a 0397515499 (pbk.)
|
| 035 |
|
|
|a (OCoLC)37031272
|
| 035 |
|
|
|9 AHM2698AM
|
| 040 |
|
|
|a DNLM/DLC
|c DLC
|d NLM
|d C#P
|d TXA
|d UtOrBLW
|
| 049 |
|
|
|a TXAM
|
| 050 |
0 |
0 |
|a QP40
|b .H27 1998
|
| 060 |
1 |
0 |
|a QT 18.2
|b H177p 1998
|
| 069 |
0 |
|
|a 9709134
|
| 082 |
0 |
0 |
|a 612/.0076
|2 21
|
| 100 |
1 |
|
|a Hall, John E.
|q (John Edward),
|d 1946-
|
| 245 |
1 |
0 |
|a Physiology /
|c John E. Hall, Thomas H. Adair.
|
| 264 |
|
1 |
|a Philadelphia :
|b Lippincott-Raven,
|c [1998]
|
| 264 |
|
4 |
|c ©1998
|
| 300 |
|
|
|a xxv, 383 pages :
|b illustrations ;
|c 28 cm.
|
| 336 |
|
|
|a text
|b txt
|2 rdacontent
|
| 337 |
|
|
|a unmediated
|b n
|2 rdamedia
|
| 338 |
|
|
|a volume
|b nc
|2 rdacarrier
|
| 490 |
1 |
|
|a Rypins' intensive reviews
|
| 500 |
|
|
|a Includes index.
|
| 650 |
|
0 |
|a Human physiology
|v Examinations, questions, etc.
|
| 650 |
1 |
2 |
|a Physiology
|x examination questions.
|
| 700 |
1 |
|
|a Adair, Thomas H.
|
| 830 |
|
0 |
|a Rypins' intensive reviews.
|
| 999 |
|
|
|a MARS
|
| 999 |
f |
f |
|s 409fdce0-b21f-3260-83d5-7d4c9193dc31
|i 29aecae8-dcb8-32c5-8288-052cda3ff0ce
|t 0
|
| 952 |
f |
f |
|p ric
|a Texas A&M University
|b Rellis Campus
|c Joint Library Facility
|d Remote Storage
|t 0
|e QP40 .H27 1998
|h Library of Congress classification
|i unmediated -- volume
|m A14821637063
|
| 998 |
f |
f |
|a QP40 .H27 1998
|t 0
|l Remote Storage
|